header

Law, ontologies and the semantic web (Record no. 1977)

MARC details
000 -LEADER
fixed length control field 01447nam a22003254a 4500
245 00 - TITLE STATEMENT
Title Law, ontologies and the semantic web
260 ## - PUBLICATION, DISTRIBUTION, ETC. (IMPRINT)
Place of publication Amsterdam ;
-- Washington, DC :
Name of publisher IOS Press,
Year of publication c2008.
300 ## - PHYSICAL DESCRIPTION
Number of Pages viii, 241 p. :
Other physical details ill.
490 1# - SERIES STATEMENT
Series statement Frontiers in artificial intelligence and applications ;
650 #0 - SUBJECT ADDED ENTRY--TOPICAL TERM
Topical Term Law
Topical Term Law
Topical Term Semantics (Law)
Topical Term Semantic Web
700 1# - ADDED ENTRY--PERSONAL NAME
Personal name Breuker, Joost.
856 40 - ELECTRONIC LOCATION AND ACCESS
Uniform Resource Identifier http://site.ebrary.com/lib/rucke/Doc?id=10285503

No items available.

© 2026 Rongo University
Contact us: librarian | system librarian | Rongo university